|
|
|
|
| LEADER |
01897nam a2200505 i 4500 |
| 001 |
nkc20223458814 |
| 003 |
CZ PrNK |
| 005 |
20260107145411.0 |
| 007 |
ta |
| 008 |
231701s2022 xr a e f 000 0 cze |
| 015 |
|
|
|a cnb003458814
|
| 020 |
|
|
|a 978-80-908615-3-4
|q (v knize neuvedeno ;
|q brožováno)
|z 978-80-908615-1-0
|
| 035 |
|
|
|a (OCoLC)1375350215
|
| 040 |
|
|
|a ABA001
|b cze
|d OLA001
|e rda
|
| 043 |
|
|
|a e-xr---
|
| 072 |
|
7 |
|a 620.9
|x Energetika
|2 Konspekt
|9 19
|
| 080 |
|
|
|a 620.9
|2 MRF
|
| 080 |
|
|
|a 620.9:338.23
|2 MRF
|
| 080 |
|
|
|a 620.9:339.13
|2 MRF
|
| 080 |
|
|
|a (437.3)
|2 MRF
|
| 080 |
|
|
|a (036)
|2 MRF
|
| 100 |
1 |
|
|a Rektor-Polánek, Adam
|7 pna20221167810
|4 aut
|
| 245 |
1 |
0 |
|a Cesty k právu na energii: čistou, dostupnou, pro všechny :
|b nová dohoda pro energetiku /
|c autorství textů Adam Rektor-Polánek, Josef Patočka
|
| 246 |
3 |
0 |
|a Nová dohoda pro energetiku
|
| 264 |
|
1 |
|a [Praha] :
|b Re-set: platforma pro sociálně-ekologickou transformaci,
|c 2022
|
| 300 |
|
|
|a 22 stran :
|b ilustrace ;
|c 21 cm
|
| 336 |
|
|
|a text
|b txt
|2 rdacontent
|
| 337 |
|
|
|a bez média
|b n
|2 rdamedia
|
| 338 |
|
|
|a svazek
|b nc
|2 rdacarrier
|
| 500 |
|
|
|a Název z obálky
|
| 504 |
|
|
|a Obsahuje bibliografické odkazy
|
| 650 |
0 |
7 |
|a energetika
|7 ph114471
|z Česko
|2 czenas
|
| 650 |
0 |
7 |
|a energetická politika
|7 ph136852
|z Česko
|2 czenas
|
| 650 |
0 |
7 |
|a energetický trh
|7 ph871095
|z Česko
|2 czenas
|
| 650 |
0 |
9 |
|a energy industries
|z Czechia
|2 eczenas
|
| 650 |
0 |
9 |
|a energy policy
|z Czechia
|2 eczenas
|
| 650 |
0 |
9 |
|a energy market
|z Czechia
|2 eczenas
|
| 655 |
|
7 |
|a informační publikace
|7 fd132454
|2 czenas
|
| 655 |
|
9 |
|a information publications
|2 eczenas
|
| 700 |
1 |
|
|a Patočka, Josef,
|d 1993-
|7 jo20201088821
|4 aut
|
| 910 |
2 |
|
|a BOA001
|b 2-1501.912
|
| 990 |
|
|
|a BK
|
| 995 |
|
|
|a 01
|
| 991 |
|
|
|b 202302
|c NOV
|
| 996 |
6 |
|
|b 2610929352
|c 2-1501.912
|l MZK
|r Sklad / do 1 hodiny
|n 0
|p p.v.
|w 001913239
|u 000010
|a 1
|e BOA001
|j MZK50
|s P
|